Music Quiz

Random Music or Song Quiz

Name the Nicki Minaj song by the lyrics Quiz Stats

 Plays Quiz not verified by Sporcle

Score 0/10 Timer 05:00
0 Plays Today
Lyric Answer % Correct
Anyway I think I met him in the SWAI, When I was a Geisha he was a Samari, Somehow I understood him when he spoke Thai, Never spoke lies and he never broke flyYour love
82.3%
Flyer then a kite I get higher then rapunzel. Keep the snow white I could buy it buy the bundle. Itty bitty piggy
70.2%
Lol smiley face have a nicer dayUp out my face
43.7%
She get me so sick it makes me vomit. That's why I spend my time online doin' commentsStill I rise
41.4%
Wherever I slide thru I gotta go buy two, If I get it in the pink I get her the light blueGirlfriend
39.7%
Cause I got one leg up in da middle of the ring, And da b**** betta duck when da bell go DING!Envy
34.9%
If you was as real as me you would never, Let another girl sit in yo throne.Go hard
34.3%
Been around the world I still can't find, another girl that can steal my shineBaddest bitch
33.3%
Damn I wanna run to you hold you n kiss you tell you how I miss youAutobiography
29.7%
What you need thick thighs and some chinky eyes?Cuchi shop
18.4%

You're not logged in!

Compare scores with friends on all Sporcle quizzes.
OR
Log In

Show Comments

Extras

Top Quizzes Today


Score Distribution

Your Account Isn't Verified!

In order to create a playlist on Sporcle, you need to verify the email address you used during registration. Go to your Sporcle Settings to finish the process.

Report this User

Report this user for behavior that violates our Community Guidelines.

Details: